English Irregular Verbs Past simple NEW - Statistiques

Statistiques générales
  • Ce quiz a été pris 22 fois
  • Le résultat moyen est 64 sur 124
Statistiques - réponses
Past Simple Bare Infinitive + Past participle % Correct
_ froze _ freeze frozen
100%
_ spent _ spend spent
100%
_ took _ take taken
94%
_ built _ build built
88%
_ bought _ buy bought
88%
_chose _ choose chosen
88%
_ fought _ fight fought
88%
_ got _ get got
88%
_ began _ begin begun
82%
_ won _ win won
82%
_ did _ do done
76%
_ went _ go gone
76%
_ made _ make made
76%
_ met _ meet met
76%
_ shot _ shoot shot
76%
_ knew _ know known
71%
_ cost _ cost cost
65%
_ cut _ cut cut
65%
_ dreamt _ dream dreamt
65%
_ drove _ drive driven
65%
_ ate _ eat eaten
65%
_ hurt _ hurt hurt
65%
_ kept _ keep kept
65%
_ paid _ pay paid
65%
_ ran _ run run
65%
_ sat _ sit sat
65%
_ told _ tell told
65%
_ wrote _ write written
65%
_ awoke _ awake awoken
59%
_ became _ become become
59%
_ burnt _ burn burnt
59%
_ drank _ drink drunk
59%
_ fed _ feed fed
59%
_ found _ find found
59%
_ forgot _ forget forgotten
59%
_ forgave _ forgive forgiven
59%
_ gave _ give given
59%
_ grew _ grow grown
59%
_ had _ have had
59%
_ hit _ hit hit
59%
_ learnt _ learn learnt
59%
_ let _ let let
59%
_ meant _ mean meant
59%
_ put _ put put
59%
_ read _ read read
59%
_ said _ say said
59%
_ sang _ sing sung
59%
_ smelt _ smell smelt
59%
_ spoke _ speak spoken
59%
_ split _ split split
59%
_ sprang _ spring sprung
59%
_ stole _ steal stolen
59%
_ understood _ understand understood
59%
_ bled _ bleed bled
53%
_ blew _ blow blown
53%
_ broke _ break broken
53%
_ came _ come come
53%
_ dealt _ deal dealt
53%
_ felt _ feel felt
53%
_ forbad(e) _ forbid forbidden
53%
_ heard _ hear heard
53%
_ hid _ hide hidden
53%
_ held _ hold held
53%
_ left _ leave left
53%
_ rang _ ring rung
53%
_ set _ set set
53%
_ slept _ sleep slept
53%
_ sped _ speed sped
53%
_ spread _ spread spread
53%
_ stung _ sting stung
53%
_ swam _ swim swum
53%
_ taught _ teach taught
53%
_ woke _ wake woken
53%
_ was were _ be been
47%
_ brought _ bring brought
47%
_ crept _ creep crept
47%
_ drew _ draw drawn
47%
_ quit _ quit quit
47%
_ rose _ rise risen
47%
_ sent _ send sent
47%
_ shut _ shut shut
47%
_ swung _ swing swung
47%
_ beat _ beat beaten
41%
_ bit _ bite bitten
41%
_ caught _ catch caught
41%
_ dug _ dig dug
41%
_ led _ lead led
41%
_ rode _ ride ridden
41%
_ saw _ see seen
41%
_ sold _ sell sold
41%
_ stood _ stand stood
41%
_ thought _ think thought
41%
_ arose _ arise arisen
35%
_ bent _ bend bent
35%
_ burst _ burst burst
35%
_ fell _ fall fallen
35%
_ flew _ fly flown
35%
_ knelt _ kneel knelt
35%
_ lent _ lend lent
35%
_ lost _ lose lost
35%
_ shone _ shine shone
35%
_ showed _ show shown
35%
_ span _ spin spun
35%
_ spat _ spit spat
35%
_ stuck _ stick stuck
35%
_ threw _ throw thrown
35%
_ wore _ wear worn
35%
_ wept _ weep wept
35%
_ bound _ bind bound
29%
_ ground _ grind ground
29%
_ hung _ hang hung
29%
_ laid _ lay laid
29%
_ shrank _ shrink shrunk
29%
_ swept _ sweep swept
29%
_ tore _ tear torn
29%
_ swore _ swear sworn
24%
_ sought _ seek sought
18%
_ shook _ shake shaken
18%
_ lit _ light lit
12%
_ sewed _ sew sewn
12%
_ struck _ strike struck
12%
_ lay _ lie lain
6%
_ spilt _ spill spilt
6%
_ bore _ bear borne
0%
Aucun quiz correspondant
Distribution des résultats
% des personnes avec chaque résultat
Percentile par nombre de réponses
Votre historique - résultats
Vous n’avez pas pris ce quiz